| 000 | 00609nam a22002057a 4500 | ||
|---|---|---|---|
| 005 | 20230621100557.0 | ||
| 008 | 160115b xxu||||| |||| 00| 0 eng d | ||
| 040 | _aLoreto College | ||
| 041 | _aEnglish | ||
| 082 |
_a940.3 _bCHA |
||
| 100 |
_aChaytor, Rev. H. J. _qRev. H. J. Chaytor |
||
| 245 |
_aEuropean history _b:great leaders & landmarks from early to modern yimes _cRev. H. J. Chaytor |
||
| 260 |
_aLondon _bThe gresham |
||
| 300 | _ax, 272p. | ||
| 440 |
_aThe making of modern Europe _vvol.4 |
||
| 504 | _aInclude index | ||
| 650 | _aGeneral history of Europe | ||
| 850 | _aLCLIB | ||
| 942 | _cBK | ||
| 999 |
_c40307 _d90786 |
||